000 003290000a22001330004500
041 0 _aSPA
082 0 4 _aG 861 B574a
100 1 _aBáez Camargo, Gonzalo (1899-)
245 1 0 _aEl artista y otros poemas / Gonzalo Báez Camargo
260 _aBuenos Aires, Argentina : La Aurora
300 _a128 Pag
001 10984
942 _cBK
999 _c40362
_d40362